All Joao Fonseca ATP wins - Estadísticas

Estadísticas generales
  • Esta prueba ha sido intentada 7 veces
  • La puntuación promedio es 5 de 13
Estadísticas de respuestas
Hint Respuesta % Correcto
Australian Open R128 Rublev
100%
Rio Open 2024 R32 Fils
86%
Next Gen Finals 2024 RR Fils
86%
Next Gen Finals 2024 RR Tien
71%
Next Gen Finals 2024 F Tien
71%
Rio Open 2024 R16 Garín
29%
Next Gen Finals 2024 RR Mensik
29%
Madrid 2024 R128 Michelsen
29%
Bucharest 2024 R32 Sonego
29%
Next Gen Finals 2024 SF Van Assche
14%
Bucharest 2024 R16 Albot
0%
Davis Cup 2024 RR Collignon
0%
Davis Cup 2024 RR Van de Zandschulp
0%
No se encontraron pruebas coincidentes
Distribución de puntuación
Porcentaje de gente con cada puntuación
Porcentaje por número respondido
Historial de tus puntuaciones
No has intentado esta prueba.